Countries that End with S - Statistics

General Stats
  • This quiz has been taken 1,572 times
  • The average score is 15 of 18
Answer Stats
Answer % Correct
Bahamas
89%
Marshall Islands
89%
Solomon Islands
88%
Saint Kitts and Nevis
87%
Barbados
86%
Laos
85%
Honduras
84%
Seychelles
84%
Saint Vincent and the Grenadines
83%
Comoros
82%
Belarus
81%
Mauritius
80%
Netherlands
80%
Philippines
80%
Maldives
79%
Cyprus
72%
United Arab Emirates
71%
United States
71%
No matching quizzes found
Score Distribution
Percent of People with Each Score
Percentile by Number Answered
Your Score History
You have not taken this quiz